| 000 | 00544nam a2200217Ia 4500 | ||
|---|---|---|---|
| 005 | 20250425162737.0 | ||
| 008 | 250425s9999 xx 000 0 und d | ||
| 020 | _a870440896 | ||
| 041 | _aeng | ||
| 082 | _a609 | ||
| 100 | _aBREEDEN, ROBERT L. | ||
| 245 | 0 | _aTHOSE INVENTIVE AMERICANS | |
| 250 | _a1ST ED. | ||
| 260 |
_aEstados Unidos _bTHE NATIONAL GEOGRAPHIC SOCIETY _c1971 |
||
| 260 | _aWASHINGTON | ||
| 300 | _a231 | ||
| 650 | _aESTADOS UNIDOS | ||
| 710 | _aTHE NATIONAL GEOGRAPHIC SOCIETY | ||
| 942 | _c01 | ||
| 010 | _a104517 | ||
| 999 |
_c235543 _d235543 |
||